| 000 | 00675cab a2200217 4500 | ||
|---|---|---|---|
| 001 | WB3306-11 | ||
| 008 | 090401t1997 xxu||||| |||| 00| 0 eng d | ||
| 035 | _a(Sirsi) u43805 | ||
| 041 | _aeng | ||
| 245 | _aHome delivery services | ||
| 260 | _c1997 | ||
| 350 | _a0 | ||
| 490 |
_aGuardian _v3 February 1997, 17(1) |
||
| 520 | _aA survey from Healey & Baker predicts that home delivery services could capture up to 16% of the supermarket and grocery market within the next few years. | ||
| 650 | _aHEALEY & BAKER | ||
| 650 | _aHOME SHOPPING | ||
| 650 | _aSUPERMARKETS | ||
| 690 | _aPROPERTY-COMMERCIAL PROPERTY-RETAIL PROPERTY | ||
| 942 | _n0 | ||
| 948 | _c04/03/1997 | ||
| 999 |
_c27921 _d27921 |
||